000 00400nam a22001697a 4500
003 OSt
005 20220207110413.0
008 220207b |||||||| |||| 00| 0 eng d
020 _a0030215978
040 _cHU
082 _a658.4'038
100 _aGray Paul
_913480
245 _aT HE MANAGEMENT OFINFORMATION SYSTEMS
260 _aLONDON
_bNEWYORK
_c1989
300 _a558
942 _2ddc
_cBOOKS
_n0
999 _c29362
_d29362